| 000 | 00347nam a22001337a 4500 | ||
|---|---|---|---|
| 008 | 210302b ||||| |||| 00| 0 eng d | ||
| 020 | _a0803134975 | ||
| 041 | _aeng | ||
| 080 | _a617 | ||
| 100 | _a5 | ||
| 101 | _aKIR | ||
| 245 |
_aTitanium,Niobium,Zirconium and Tantalum for Medical and Surgical Applications _cZardiackas,D.L |
||
| 942 |
_2udc _cBK |
||
| 999 |
_c55488 _d55488 |
||